The language of twentieth-century art : a conceptual history
Αποθηκεύτηκε σε:
| Κύριος συγγραφέας: | |
|---|---|
| Μορφή: | Βιβλίο |
| Γλώσσα: | English |
| Δημοσίευση: |
New Haven :
Yale University Press,
c1997
|
| Θέματα: | |
| Ετικέτες: |
Προσθήκη ετικέτας
Δεν υπάρχουν, Καταχωρήστε ετικέτα πρώτοι!
|
MARC
| LEADER | 00000nam a2200000 i 4500 | ||
|---|---|---|---|
| 001 | 1/69462 | ||
| 008 | 050113s1997 eng d | ||
| 020 | |a 0-300-07241-4 (cl) | ||
| 035 | |l 10075960 | ||
| 040 | |a GR-MY-UA |b gre |e aacr | ||
| 041 | 0 | |a eng | |
| 082 | 0 | |a 709.04 |2 (21) | |
| 100 | 1 | |a Crowther, Paul. | |
| 245 | 1 | 4 | |a The language of twentieth-century art : |b a conceptual history / |c Paul Crowther |
| 246 | 3 | 3 | |a Language of 20th-century art |
| 260 | |a New Haven : |b Yale University Press, |c c1997 | ||
| 300 | |a xi, 251 σ.; |b εικ.; |c 24 εκ. | ||
| 504 | |a Βιβλιογραφία: σ. [235]-246. Ευρετήριο | ||
| 650 | 0 | 0 | |a Art, Modern |y 20th century. |
| 852 | |a INST |b SYROS |e 20050113 |h 709.04 CRO |p 005500003699 |q 005500003699 |t BK |y 0 | ||
| 852 | |a INST |b SYROS |e 20080408 |h 709.04 CRO |p 005500006164 |q 005500006164 |t BK |y 0 | ||
| 901 | |a BIBL5-2008-1 | ||
| 901 | |a BIBL5-2005-1 | ||
| 909 | |a Ε |b 151277 | ||
| 909 | |a Ε |b 116155 | ||
| 920 | |a ΔΙΕΥΡΥΝΣΗ |b ΕΠΕΑΕΚ-ΤΜΣΠΣ |y ΣΥΡΟΣ |z 2004-10 | ||
| 922 | |a 5ΕΛΗ |b 200803 |c ΕΠΕΑΕΚ2/ΤΜΣΠΣ |d ΠΑΠΑΣΩΤΗΡΙΟΥ | ||
| 970 | |a ΚΑΓΙΑΒΑ |b ΕΙΡΗΝΗ |z 2005/01/13 | ||